| 000 | 00501nam a2200181Ia 4500 | ||
|---|---|---|---|
| 008 | 240925s9999 xx 000 0 und d | ||
| 020 | _a782121624 | ||
| 082 | _a005.133 GET | ||
| 100 | _aGet, Ken | ||
| 245 | 0 | _aVisual Basic Language Developers Handbook | |
| 250 | _aNA | ||
| 260 |
_aCalifornia: _bBrooks/Cole Cengagae Learning _c,2000. |
||
| 300 |
_axv,188p. _bNA _fOriginal |
||
| 500 | _aNA | ||
| 600 | _aComputer Science | ||
| 650 | _aComputer science, information & general works | ||
| 942 | _cBK | ||
| 999 |
_c7803 _d7803 |
||